| 000 | 01009nam a2200289 a 4500 | ||
|---|---|---|---|
| 001 | 000026760 | ||
| 003 | DO-SdBNP | ||
| 005 | 20230317112944.0 | ||
| 007 | ta | ||
| 008 | 110325s1988 dr ac 000 | spa d | ||
| 040 |
_aDO-SdBNP _bspa _cBNPHU |
||
| 041 | 1 | 7 |
_aspafre _heng-fre |
| 082 | 4 |
_a917.293 _bG216p _222 |
|
| 100 | 1 |
_aGarcía, Wifredo _953864 |
|
| 245 | 1 | 0 |
_aPaís de sol y sonrisas, República Dominicana = Sunshine and smiles = Soleil et sourires / _cWifredo García, Wolfgang Scheidig. |
| 246 | 3 | 1 | _aSunshine and smiles |
| 246 | 3 | 1 | _aSoleil et sourires |
| 260 |
_aSanto Domingo : _fWolfgang Scheidig _c1988. |
||
| 300 |
_a224 p. : _bilustraciones y retratos ; _c30 cm. |
||
| 500 | _aTexto en español, inglés y francés | ||
| 590 | _aInventariado, 2023/BT | ||
| 651 | 4 |
_aRepública Dominicana _xDescripciones y viajes _91651 |
|
| 651 | 4 |
_aRepública Dominicana _xFotografias _953865 |
|
| 700 | 1 |
_aScheidig, Wolfgang _953866 |
|
| 910 | _aValidado. Control de calidad MFF | ||
| 942 |
_2ddc _cLBS1 |
||
| 999 |
_c26252 _d26252 |
||